[Event "Augsburg Afro op"]
[Site "Augsburg"]
[Date "2003.08.10"]
[Round "7"]
[White "Drotleff, Arno Michael"]
[Black "Mahrla, Hans"]
[Result "1/2-1/2"]
[WhiteElo "1746"]
[BlackElo "1557"]
[PlyCount "33"]
[EventDate "2003.08.06"]
[EventType "swiss"]
[EventRounds "7"]
[EventCountry "GER"]
[SourceTitle "EXT 2006"]
[Source "ChessBase"]
[SourceDate "2005.11.24"]
[SourceVersion "1"]
[SourceVersionDate "2005.11.24"]
[SourceQuality "1"]

1. e4 e6 2. g3 d5 3. exd5 exd5 4. Bg2 Nf6 5. d4 Be7 6. Nf3 0-0 7. 0-0 Re8 8. c3 c6 9. Bg5 Nbd7 10. Nbd2 h6 11. Bxf6 Nxf6 12. Qc2 Bd6 13. Rfe1 Be6 14. Re2 Qc7 15. Rae1 Re7 16. b3 Rae8 17. Nf1 1/2-1/2

[Event "Augsburg Afro op"]
[Site "Augsburg"]
[Date "2003.08.09"]
[Round "6"]
[White "Jussupow, Ekaterina"]
[Black "Drotleff, Arno Michael"]
[Result "1-0"]
[WhiteElo "1747"]
[BlackElo "1746"]
[PlyCount "77"]
[EventDate "2003.08.06"]
[EventType "swiss"]
[EventRounds "7"]
[EventCountry "GER"]
[SourceTitle "EXT 2006"]
[Source "ChessBase"]
[SourceDate "2005.11.24"]
[SourceVersion "1"]
[SourceVersionDate "2005.11.24"]
[SourceQuality "1"]

1. e4 e5 2. Nf3 Nc6 3. d4 exd4 4. c3 dxc3 5. Bc4 Bc5 6. Bxf7+ Kxf7 7. Qd5+ Kf8 8. Qxc5+ Qe7 9. Qxe7+ Ngxe7 10. Nxc3 a6 11. 0-0 h6 12. Bf4 d6 13. e5 g5 14. exd6 gxf4 15. dxe7+ Nxe7 16. Rfe1 Bf5 17. Nd4 Bh7 18. Ne6+ Kf7 19. Nxf4 c6 20. Rad1 Bf5 21. Ne4 Bxe4 22. Rxe4 Rad8 23. Red4 Rxd4 24. Rxd4 Ke8 25. Re4 Kd7 26. Rxe7+ Kxe7 27. Ng6+ Kf7 28. Nxh8+ Kg7 29. f4 Kxh8 30. Kf2 Kg7 31. g4 c5 32. Ke3 Kf6 33. Ke4 Ke6 34. h4 b6 35. g5 h5 36. f5+ Kf7 37. Kd5 c4 38. Kxc4 Ke7 39. a4 1-0

[Event "Augsburg Afro op"]
[Site "Augsburg"]
[Date "2003.08.08"]
[Round "3"]
[White "Drotleff, Arno Michael"]
[Black "Billing, Oliver"]
[Result "1-0"]
[WhiteElo "1746"]
[BlackElo "1486"]
[PlyCount "73"]
[EventDate "2003.08.06"]
[EventType "swiss"]
[EventRounds "7"]
[EventCountry "GER"]
[SourceTitle "EXT 2006"]
[Source "ChessBase"]
[SourceDate "2005.11.24"]
[SourceVersion "1"]
[SourceVersionDate "2005.11.24"]
[SourceQuality "1"]

1. e4 c6 2. g3 d5 3. exd5 cxd5 4. Bg2 Nf6 5. d4 e6 6. c3 Bd6 7. Ne2 0-0 8. 0-0 Re8 9. Bf4 Nc6 10. Bxd6 Qxd6 11. Re1 Bd7 12. Nd2 Na5 13. Nf4 Rab8 14. Nd3 b6 15. Ne5 Bb5 16. Rc1 Nd7 17. Ndf3 Nxe5 18. Nxe5 Nc4 19. Nxc4 Bxc4 20. a3 Qd7 21. Re3 Rec8 22. Qd2 Qe7 23. h4 h5 24. Rce1 g6 25. Rf3 Qf8 26. Bh3 Qg7 27. Qg5 Rc7 28. g4 hxg4 29. Bxg4 Rf8 30. Rf6 Bd3 31. Re3 Bf5 32. Rg3 Bxg4 33. Rxg4 Kh7 34. h5 Qh6 35. hxg6+ Kg7 36. Qxh6+ Kxh6 37. g7+ 1-0

[Event "Augsburg Afro op"]
[Site "Augsburg"]
[Date "2003.08.07"]
[Round "1"]
[White "Drotleff, Arno Michael"]
[Black "Kunze, Holger"]
[Result "0-1"]
[WhiteElo "1746"]
[BlackElo "2253"]
[PlyCount "62"]
[EventDate "2003.08.06"]
[EventType "swiss"]
[EventRounds "7"]
[EventCountry "GER"]
[SourceTitle "EXT 2006"]
[Source "ChessBase"]
[SourceDate "2005.11.24"]
[SourceVersion "1"]
[SourceVersionDate "2005.11.24"]
[SourceQuality "1"]

1. e4 d5 2. exd5 Qxd5 3. Nc3 Qa5 4. Nf3 Nf6 5. g3 g6 6. Bg2 Bg7 7. 0-0 0-0 8. Qe2 Nc6 9. Qb5 Qxb5 10. Nxb5 Bf5 11. c3 Bd3 12. Na3 Bxf1 13. Kxf1 e5 14. Nc2 Rfe8 15. b3 Rad8 16. h3 e4 17. Nfd4 Ne5 18. Ke2 c5 19. Nb5 a6 20. Nba3 b5 21. Ne3 Nd3 22. Nac2 Rd7 23. Ba3 Red8 24. Rd1 a5 25. Nf1 Bh6 26. Nce3 b4 27. Bc1 Bxe3 28. fxe3 bxc3 29. dxc3 Nf4+ 30. exf4 Rxd1 31. Be3 Ra1 0-1

[Event "Augsburg Afro op"]
[Site "Augsburg"]
[Date "2003.08.07"]
[Round "2"]
[White "Graf, Felix"]
[Black "Drotleff, Arno Michael"]
[Result "1/2-1/2"]
[WhiteElo "1760"]
[BlackElo "1746"]
[PlyCount "44"]
[EventDate "2003.08.06"]
[EventType "swiss"]
[EventRounds "7"]
[EventCountry "GER"]
[SourceTitle "EXT 2006"]
[Source "ChessBase"]
[SourceDate "2005.11.24"]
[SourceVersion "1"]
[SourceVersionDate "2005.11.24"]
[SourceQuality "1"]

1. d4 g6 2. Nf3 Bg7 3. e4 b6 4. Bd3 Bb7 5. Bf4 d6 6. 0-0 Nd7 7. c3 e6 8. Nbd2 Ne7 9. Re1 0-0 10. e5 dxe5 11. Nxe5 Nd5 12. Bg3 N5f6 13. Ndf3 c5 14. Qe2 cxd4 15. Nxd4 Nh5 16. Nxd7 Nxg3 17. hxg3 Qxd7 18. Nf3 Rfd8 19. Rad1 Qc7 20. Bb5 Rxd1 21. Rxd1 Rd8 22. Rd3 Bf6 1/2-1/2